The Emperor's New Groove Franchise - Statistics

General Stats
  • This quiz has been taken 22 times
  • The average score is 4 of 7
Answer Stats
Type Year Name Info % Correct
Film 2000 The Emperor's New Groove Disney
94%
Video Game 2000 The Emperor's New Groove Sony / Disney Interactive / Ubi Soft
94%
Film 2005 Kronk's New Groove Disney
88%
TV Show 2006-2008 The Emperor's New School Disney Channel
71%
Short Tale 1837 The Emperor's New Clothes Hans Christian Andersen
59%
Documentary 2002 The Sweatbox Buena Vista
24%
Video Game 2001 Disney's The Emperor's New Groove Groove Center Disney Interactive
12%
No matching quizzes found
Score Distribution
Percent of People with Each Score
Percentile by Number Answered
Your Score History
You have not taken this quiz